Statistics for Canadian Artists with US Billboard Hot 100 Number 1s

Click here to take the quiz!

General Stats

  • This quiz has been taken 26 times
  • The average score is 8 of 28

Answer Stats

Number of SongsWeeks at #1Decade(s)Answer% Correct
4181990sCeline Dion
81%
13562010s | 2020sDrake
77%
4171980s | 1990sBryan Adams
69%
8322010s | 2020sJustin Bieber
69%
112000sAvril Lavigne
58%
111970sNeil Young
58%
7182010s | 2020sThe Weeknd
50%
131970sThe Guess Who
46%
142000sNickelback
38%
111990sBarenaked Ladies
31%
111970sGordon Lightfoot
31%
392000sNelly Furtado
31%
271950s | 1970sPaul Anka
27%
111970sAnne Murray
23%
111970sBachman-Turner Overdrive
23%
112010sShawn Mendes
19%
192010sCarly Rae Jepsen
12%
171990sSnow
12%
162010sMagic!
8%
112020sDaniel Caesar
4%
111960sLorne Greene
4%
191960sPercy Faith
4%
111980sSheriff
4%
121990sAlannah Myles
0%
111970sAndy Kim
0%
152000sDaniel Powter
0%
111970sNick Gilder
0%
131970sTerry Jacks
0%

Score Distribution

Percentile by Number Answered

Percent of People with Each Score

Your Score History

You have not taken this quiz